El proceso de la comunicación: introducción a la teoría y a la práctica
Պահպանված է:
| Հիմնական հեղինակ: | |
|---|---|
| Ձևաչափ: | Գիրք |
| Լեզու: | իսպաներեն |
| Հրապարակվել է: |
Buenos Aires
El Ateneo
2008
|
| Հրատարակություն: | 3a. ed |
| Խորագրեր: | |
| Ցուցիչներ: |
Ավելացրեք ցուցիչ
Չկան պիտակներ, Եղեք առաջինը, ով նշում է այս գրառումը!
|
MARC
| LEADER | 00000nam a2200000 a 4500 | ||
|---|---|---|---|
| 001 | UCH2522 | ||
| 003 | CL-VaPUC | ||
| 008 | 090618e20080000AG |||||||||||||||||spa|d | ||
| 020 | |a 9500263548 | ||
| 082 | 0 | 4 | |a 302.2 |b BER |2 21 |
| 100 | 0 | |a Berlo, David K |e author |9 402333 | |
| 245 | 1 | 3 | |a El proceso de la comunicación: introducción a la teoría y a la práctica |
| 250 | |a 3a. ed | ||
| 300 | |a 265 p | ||
| 942 | |c BK | ||
| 945 | |d 20090618 00:00:00 |a rbrito | ||
| 260 | |a Buenos Aires |b El Ateneo |c 2008 | ||
| 650 | 0 | |a Comunicación |9 257251 | |
| 650 | 0 | |a Análisis de contenido |9 318914 | |
| 650 | 0 | |a Comunicación oral |9 307769 | |
| 650 | 0 | |a Medios de comunicación de masas |9 257273 | |
| 650 | 0 | |a Teoría de la comunicación |9 260752 | |
| 583 | |a last modification |c 20090618 00:00:00 |k Rodrigo Vera | ||
| 999 | |c 334253 |d 334251 | ||
| 952 | |0 0 |1 0 |4 0 |6 302_200000000000000_BER_2008 |7 0 |8 A |9 423129 |a BIBCUR |b BIBCUR |d 2019-11-22 |i 456216K |o 302.2 BER 2008 |p 456216K |r 2025-04-22 |w 2019-11-22 |y BK |k PER | ||
| 952 | |0 0 |1 0 |4 0 |6 302_200000000000000_BER_2008 |7 0 |8 A |9 423130 |a BIBCUR |b BIBCUR |d 2019-11-22 |i 4562178 |o 302.2 BER 2008 |p 4562178 |r 2025-04-22 |w 2019-11-22 |y BK |k PER | ||